=LDR 00000nam 2200000 4500 =001 000501 =005 20250710102227 =035 ##$$a 0010-0725000363 =007 ta =008 250710################a##########0#ind## =020 ##$$a 978-623-472-160-7 =082 ##$$a 398.209 598 =084 ##$$a 398.209 598 KAP k =100 #$$a Kapur, Aparna =245 1#$$a Kotak Kancing /$c Aparna Kapur =250 ##$$a Cetakan Pertama =260 ##$$a Jakarta :$b Badan pengembangan dan pembinaan bahasa,$c 2022 =300 ##$$a 20 hlm. : $b ilus. ; $c 22,9 cm$e 398.209 598 =650 #4$$a Cerita Anak Indonesia =856 ##$$a TBM As Suhada =990 ##$$a TBM02540254